| 000 -LEADER |
| fixed length control field |
01286cam a2200337 i 4500 |
| 001 - CONTROL NUMBER |
| control field |
(Sirsi) a1097098 |
| 003 - CONTROL NUMBER IDENTIFIER |
| control field |
OSt |
| 005 - DATE AND TIME OF LATEST TRANSACTION |
| control field |
20230602131007.0 |
| 008 - FIXED-LENGTH DATA ELEMENTS--GENERAL INFORMATION |
| fixed length control field |
190412r20141983maua b 000 1 eng d |
| 020 ## - INTERNATIONAL STANDARD BOOK NUMBER |
| International Standard Book Number |
9780763673666 |
| Qualifying information |
(paperback) : |
| 040 ## - CATALOGING SOURCE |
| Original cataloging agency |
DLC |
| Language of cataloging |
eng |
| Transcribing agency |
DLC |
| Modifying agency |
BTCTA |
| -- |
IJC |
| -- |
B@L |
| -- |
XY4 |
| -- |
ZHB |
| -- |
NYP |
| -- |
AU@ |
| -- |
OCLCO |
| -- |
VP@ |
| -- |
OCLCO |
| -- |
OCLCF |
| -- |
BDX |
| -- |
OSC |
| -- |
TAE |
| -- |
KH8 |
| Description conventions |
rda |
| 042 ## - AUTHENTICATION CODE |
| Authentication code |
nbic |
| 082 0# - DEWEY DECIMAL CLASSIFICATION NUMBER |
| Classification number |
823.914 BRO |
| 100 1# - MAIN ENTRY--PERSONAL NAME |
| Personal name |
Browne, Anthony, |
| Dates associated with a name |
1946- |
| Relator term |
author. |
| 245 10 - TITLE STATEMENT |
| Title |
Gorilla / |
| Statement of responsibility, etc. |
Anthony Browne. |
| 250 ## - EDITION STATEMENT |
| Edition statement |
Thirtieth anniversary edition. |
| 264 #1 - PRODUCTION, PUBLICATION, DISTRIBUTION, MANUFACTURE, AND COPYRIGHT NOTICE |
| Place of production, publication, distribution, manufacture |
Somerville, Massachusetts : |
| Name of producer, publisher, distributor, manufacturer |
Candlewick Press, |
| Date of production, publication, distribution, manufacture, or copyright notice |
2014. |
| 264 #4 - PRODUCTION, PUBLICATION, DISTRIBUTION, MANUFACTURE, AND COPYRIGHT NOTICE |
| Date of production, publication, distribution, manufacture, or copyright notice |
©1983. |
| 300 ## - PHYSICAL DESCRIPTION |
| Extent |
29 unnumbered pages : |
| Other physical details |
color illustrations ; |
| Dimensions |
23 x 30 cm. |
| 336 ## - CONTENT TYPE |
| Content type term |
text |
| Content type code |
txt |
| Source |
rdacontent. |
| 336 ## - CONTENT TYPE |
| Content type term |
still image |
| Content type code |
sti |
| Source |
rdacontent. |
| 337 ## - MEDIA TYPE |
| Media type term |
unmediated |
| Media type code |
n |
| Source |
rdamedia. |
| 338 ## - CARRIER TYPE |
| Carrier type term |
volume |
| Carrier type code |
nc |
| Source |
rdacarrier. |
| 500 ## - GENERAL NOTE |
| General note |
First published by Julia MacRae Books. |
| 520 ## - SUMMARY, ETC. |
| Summary, etc. |
Neglected by her busy father, a lonely young girl receives a toy gorilla for her birthday and together they take a miraculous trip to the zoo. |
| 521 1# - TARGET AUDIENCE NOTE |
| Target audience note |
Ages 5-8. |
| 650 #0 - SUBJECT ADDED ENTRY--TOPICAL TERM |
| Topical term or geographic name entry element |
Gorilla |
| Form subdivision |
Pictorial works |
| -- |
Juvenile fiction. |
| 650 #0 - SUBJECT ADDED ENTRY--TOPICAL TERM |
| Topical term or geographic name entry element |
Children's stories |
| Form subdivision |
Pictorial works. |
| 650 #0 - SUBJECT ADDED ENTRY--TOPICAL TERM |
| Topical term or geographic name entry element |
Dreams |
| Form subdivision |
Juvenile fiction. |
| 942 ## - ADDED ENTRY ELEMENTS (KOHA) |
| Source of classification or shelving scheme |
|
| Koha item type |
Books - Fiction |